[Event "CFR-chT"]
[Site "Elets"]
[Date "2009.12.20"]
[Round "7"]
[White "Ryahovskii, Sergey"]
[Black "Popov, Vladimir P"]
[Result "0-1"]
[WhiteElo "1958"]
[BlackElo "1950"]
[PlyCount "92"]
[EventDate "2009.12.16"]
[EventType "team-swiss"]
[EventRounds "7"]
[EventCountry "RUS"]
[SourceTitle "EXT 2022"]
[Source "ChessBase"]
[SourceDate "2021.10.06"]
[SourceVersion "1"]
[SourceVersionDate "2021.10.06"]
[SourceQuality "1"]

1. e4 c5 2. Nf3 d6 3. d4 cxd4 4. Nxd4 Nf6 5. Nc3 a6 6. Be2 b5 7. Bf3 e5 8. Nb3 Bb7 9. Bg5 Nbd7 10. 0-0 Be7 11. Re1 0-0 12. a3 Rc8 13. Nd2 Nb6 14. Nf1 Nfd7 15. Bc1 Qc7 16. Ne3 Nc5 17. Nf5 Nca4 18. Nd5 Bxd5 19. exd5 g6 20. Nh6+ Kh8 21. b3 Nc3 22. Qd3 f5 23. Be3 Bf6 24. Qd2 e4 25. Bd1 Nbxd5 26. g4 f4 27. Bxf4 Nxf4 28. Qxf4 Bh4 29. Qd2 Bxf2+ 30. Kh1 Bxe1 31. Qxe1 Qg7 32. g5 Qe5 33. Bg4 Rc7 34. Qe3 Nd5 35. Qg1 Rxc2 36. Rc1 Qxh2+ 37. Qxh2 Rxc1+ 38. Qg1 Rxg1+ 39. Kxg1 Kg7 40. Be6 Nf4 41. Bd7 Ne2+ 42. Kg2 Nd4 43. Ng4 Nxb3 44. Nf6 Rxf6 45. gxf6+ Kxf6 46. Kf2 Ke5 0-1

[Event "CFR-chT"]
[Site "Elets"]
[Date "2009.12.17"]
[Round "3"]
[White "Ryahovskii, Sergey"]
[Black "Majdurov, Oleg"]
[Result "1-0"]
[WhiteElo "1958"]
[BlackElo "1711"]
[PlyCount "69"]
[EventDate "2009.12.16"]
[EventType "team-swiss"]
[EventRounds "7"]
[EventCountry "RUS"]
[SourceTitle "EXT 2022"]
[Source "ChessBase"]
[SourceDate "2021.10.06"]
[SourceVersion "1"]
[SourceVersionDate "2021.10.06"]
[SourceQuality "1"]

1. e4 e5 2. Nf3 Nc6 3. Bc4 Bc5 4. c3 Nf6 5. d3 0-0 6. b4 Bb6 7. Bg5 d6 8. Nbd2 Be6 9. Bb3 a6 10. Nf1 Bg4 11. Ne3 Bxe3 12. fxe3 h6 13. Bh4 Be6 14. 0-0 Nb8 15. Bc2 Nbd7 16. h3 c6 17. d4 Qb6 18. Qd3 Qb5 19. Nd2 exd4 20. c4 Qxb4 21. Bxf6 gxf6 22. exd4 Rfc8 23. Rab1 Qa5 24. d5 cxd5 25. exd5 Qc5+ 26. Kh1 Bxd5 27. Qh7+ Kf8 28. Qxh6+ Ke7 29. cxd5 Qxd5 30. Bb3 Qd3 31. Rbe1+ Kd8 32. Qe3 Qb5 33. Qe7+ Kc7 34. Rc1+ Kb6 35. Nc4+ 1-0

[Event "Lipetsk Region-ch sf"]
[Site "Lipetsk"]
[Date "2009.10.04"]
[Round "6"]
[White "Ryahovskii, Sergey"]
[Black "Degtiarev, Mikhail"]
[Result "1-0"]
[WhiteElo "1959"]
[BlackElo "1727"]
[PlyCount "53"]
[EventDate "2009.09.25"]
[EventType "swiss"]
[EventRounds "8"]
[EventCountry "RUS"]
[SourceTitle "EXT 2022"]
[Source "ChessBase"]
[SourceDate "2021.10.06"]
[SourceVersion "1"]
[SourceVersionDate "2021.10.06"]
[SourceQuality "1"]

1. e4 e5 2. Nf3 Nc6 3. Bc4 d6 4. d4 Bg4 5. Qd3 Bxf3 6. Qxf3 Qf6 7. Qb3 Nd8 8. Nc3 c6 9. d5 b5 10. Nxb5 cxb5 11. Bxb5+ Ke7 12. Qc3 Qg6 13. 0-0 h6 14. f4 Qg4 15. fxe5 Rc8 16. exd6+ Kxd6 17. Qd4 Kc7 18. Qxa7+ Nb7 19. Rxf7+ Be7 20. d6+ Kxd6 21. Qd4+ Kc7 22. Qe5+ Kd8 23. Be3 Qg6 24. Rd1+ Nd6 25. Bb6+ Rc7 26. Rxd6+ Qxd6 27. Rf8+ 1-0

[Event "Elets-C op"]
[Site "Elets"]
[Date "2009.09.14"]
[Round "4"]
[White "Ryahovskii, Sergey"]
[Black "Popova, Anna"]
[Result "1-0"]
[WhiteElo "1939"]
[BlackElo "1731"]
[PlyCount "61"]
[EventDate "2009.09.12"]
[EventType "swiss"]
[EventRounds "9"]
[EventCountry "RUS"]
[SourceTitle "CBM 132 Extra"]
[Source "ChessBase"]
[SourceDate "2009.11.03"]
[SourceVersion "1"]
[SourceVersionDate "2009.11.03"]
[SourceQuality "1"]

1. e4 c5 2. Nf3 Nc6 3. d4 cxd4 4. Nxd4 e5 5. Nb5 d6 6. N1c3 a6 7. Na3 b5 8. Nd5 Nce7 9. c4 Nxd5 10. cxd5 f5 11. Bd3 fxe4 12. Bxe4 Nf6 13. Qe2 Bb7 14. 0-0 Be7 15. Rd1 0-0 16. Nc2 Rc8 17. Bf5 Rc7 18. Be6+ Kh8 19. Be3 Nd7 20. b4 Bg5 21. Rac1 Bxe3 22. Nxe3 Rf4 23. a3 Nf8 24. g3 Nxe6 25. dxe6 Rf6 26. Qa2 Bf3 27. Re1 Rxc1 28. Rxc1 d5 29. e7 Qd7 30. Rc7 Qe6 31. Qc2 1-0

[Event "Anapa op"]
[Site "Anapa"]
[Date "2009.09.08"]
[Round "9"]
[White "Vorobev, Kirill"]
[Black "Ryahovskii, Sergey"]
[Result "1-0"]
[WhiteElo "2084"]
[BlackElo "1939"]
[PlyCount "83"]
[EventDate "2009.08.31"]
[EventType "swiss"]
[EventRounds "9"]
[EventCountry "RUS"]
[SourceTitle "CBM 132 Extra"]
[Source "ChessBase"]
[SourceDate "2009.11.03"]
[SourceVersion "1"]
[SourceVersionDate "2009.11.03"]
[SourceQuality "1"]

1. c4 Nf6 2. Nf3 g6 3. Nc3 Bg7 4. g3 0-0 5. Bg2 c5 6. 0-0 Nc6 7. d4 cxd4 8. Nxd4 Qb6 9. Nb3 d6 10. Be3 Qd8 11. Nd4 Ne5 12. b3 Neg4 13. Bc1 Nd7 14. h3 Ngf6 15. Be3 Nc5 16. Rc1 Rb8 17. b4 Ne6 18. Nb3 b6 19. Nd5 Nc7 20. Nxf6+ Bxf6 21. c5 bxc5 22. bxc5 d5 23. c6 e5 24. Bxa7 Ra8 25. Bc5 Re8 26. Rc2 Bf5 27. Rd2 Ra6 28. e4 Bc8 29. exd5 e4 30. d6 Rxc6 31. dxc7 Qxc7 32. Rd6 Rxc5 33. Rxf6 e3 34. fxe3 Bxh3 35. Nxc5 Qxg3 36. Qf3 Rxe3 37. Qxg3 Rxg3 38. R1f2 Bf5 39. Kh2 Rc3 40. Ne4 Ra3 41. Nd6 Kg7 42. Rxf7+ 1-0

[Event "Lipetsk-ch"]
[Site "Lipetsk"]
[Date "2009.06.21"]
[Round "9"]
[White "Shishkin, Lev"]
[Black "Ryahovskii, Sergey"]
[Result "1-0"]
[WhiteElo "2059"]
[BlackElo "1936"]
[PlyCount "113"]
[EventDate "2009.05.22"]
[EventType "swiss"]
[EventRounds "9"]
[EventCountry "RUS"]
[SourceTitle "EXT 2022"]
[Source "ChessBase"]
[SourceDate "2021.10.06"]
[SourceVersion "1"]
[SourceVersionDate "2021.10.06"]
[SourceQuality "1"]

1. d4 Nf6 2. c4 g6 3. Nc3 Bg7 4. e4 0-0 5. Bd3 d6 6. Nge2 c5 7. d5 e6 8. 0-0 exd5 9. cxd5 a6 10. a4 Nbd7 11. f4 Re8 12. h3 Nh5 13. g4 Bd4+ 14. Kg2 Ng7 15. Nxd4 cxd4 16. Ne2 Nc5 17. Nxd4 h5 18. Be2 Nxe4 19. Ra3 h4 20. Bf3 Ng3 21. Re1 Bd7 22. Rae3 Qf6 23. Rxe8+ Rxe8 24. Rxe8+ Bxe8 25. Be3 Qe7 26. Bf2 g5 27. fxg5 Qxg5 28. b3 N3f5 29. Qd3 Bd7 30. Be4 Nh5 31. Ne2 Nh6 32. Be3 Qg7 33. Bxh6 Qxh6 34. gxh5 Qg5+ 35. Kf2 Qe5 36. Qf3 f5 37. Qg2+ Kf8 38. Bf3 f4 39. Be4 Bf5 40. Bxf5 Qe3+ 41. Kf1 f3 42. Qf2 fxe2+ 43. Qxe2 Qc1+ 44. Kg2 Qg5+ 45. Bg4 Kg7 46. Qe4 Qd2+ 47. Be2 Kf8 48. Kf3 Qc3+ 49. Qe3 Qe1 50. Kg2 Qb1 51. Qf4+ Ke7 52. Qxh4+ Kd7 53. Qg4+ Kc7 54. h6 Kb6 55. Qd4+ Ka5 56. Qc3+ Kb6 57. Bd3 1-0

[Event "Lipetsk-ch"]
[Site "Lipetsk"]
[Date "2009.05.31"]
[Round "6"]
[White "Ryahovskii, Sergey"]
[Black "Lomovskih, Alexey"]
[Result "1-0"]
[WhiteElo "1936"]
[BlackElo "1757"]
[PlyCount "131"]
[EventDate "2009.05.22"]
[EventType "swiss"]
[EventRounds "9"]
[EventCountry "RUS"]
[SourceTitle "EXT 2022"]
[Source "ChessBase"]
[SourceDate "2021.10.06"]
[SourceVersion "1"]
[SourceVersionDate "2021.10.06"]
[SourceQuality "1"]

1. e4 c5 2. Nf3 d6 3. d4 cxd4 4. Nxd4 Nf6 5. Nc3 a6 6. Be2 e6 7. 0-0 Nc6 8. Be3 Be7 9. f4 Bd7 10. Nb3 0-0 11. a4 Nb4 12. Bd4 Bc6 13. Bd3 Nxd3 14. cxd3 d5 15. e5 Nd7 16. a5 Rc8 17. Kh1 Bb5 18. Qd2 Nc5 19. Bxc5 Bxc5 20. Nxb5 axb5 21. d4 Be7 22. Qd3 Qd7 23. Rfc1 Bb4 24. Nc5 Bxc5 25. dxc5 b4 26. a6 bxa6 27. Qxa6 Qe7 28. c6 Qh4 29. Qf1 f6 30. exf6 Qxf6 31. Qe2 Rfe8 32. Qe5 Qxe5 33. fxe5 Rf8 34. Ra6 Rf2 35. Kg1 Rf5 36. Rb6 Rxe5 37. c7 Rf5 38. Rd6 Rf6 39. Rd7 Rf7 40. Rd8+ Rf8 41. Rd6 Rfe8 42. Rd7 h6 43. Rf1 Kh7 44. Rff7 Kg6 45. Rxg7+ Kf5 46. Kf2 Ke4 47. Rg4+ Kd3 48. Rxb4 Rf8+ 49. Kg3 Rg8+ 50. Kf4 Rxg2 51. Rb8 Rxc7 52. Rxc7 Rxh2 53. Rc3+ Kd2 54. Rbc8 Rh4+ 55. Kf3 Rb4 56. Rc2+ Kd3 57. R8c3+ Kd4 58. Rd2+ Ke5 59. Rh2 Rf4+ 60. Kg3 Rf6 61. Rh5+ Ke4 62. Rh4+ Ke5 63. Re3+ Kd6 64. Rf4 Rg6+ 65. Rg4 Rf6 66. Rf3 1-0

[Event "Lipetsk-ch"]
[Site "Lipetsk"]
[Date "2009.05.29"]
[Round "4"]
[White "Ryahovskii, Sergey"]
[Black "Kasantsev, Anatolij B"]
[Result "1-0"]
[WhiteElo "1936"]
[BlackElo "2093"]
[PlyCount "87"]
[EventDate "2009.05.22"]
[EventType "swiss"]
[EventRounds "9"]
[EventCountry "RUS"]
[SourceTitle "EXT 2022"]
[Source "ChessBase"]
[SourceDate "2021.10.06"]
[SourceVersion "1"]
[SourceVersionDate "2021.10.06"]
[SourceQuality "1"]

1. e4 c5 2. Nf3 Nc6 3. d4 cxd4 4. Nxd4 Qb6 5. Nb5 a6 6. Be3 Qa5+ 7. N5c3 Nf6 8. Nd2 b5 9. Bd3 e6 10. 0-0 Be7 11. f4 d6 12. Qf3 e5 13. Nd5 Bd8 14. Nb3 Nxd5 15. Nxa5 Nxe3 16. Nxc6 Bb6 17. Kh1 Nxf1 18. Rxf1 Bb7 19. Nb4 0-0 20. Nd5 Bc5 21. f5 Bxd5 22. exd5 f6 23. a3 Rfc8 24. Re1 Rab8 25. g4 h6 26. h4 Kf7 27. Re2 Rh8 28. Qg3 a5 29. Rh2 b4 30. a4 Bd4 31. b3 Rbc8 32. Bc4 Rce8 33. g5 hxg5 34. hxg5 e4 35. gxf6 Bxf6 36. Kg1 Rxh2 37. Qxh2 Be5 38. Qh5+ Ke7 39. Bb5 Rf8 40. Qh4+ Rf6 41. Qg5 Kf8 42. Bd7 e3 43. Be6 Bd4 44. Kf1 1-0

[Event "Elets op"]
[Site "Elets"]
[Date "2009.05.11"]
[Round "5"]
[White "Popov, Yuri"]
[Black "Ryahovskii, Sergey"]
[Result "1/2-1/2"]
[WhiteElo "2189"]
[BlackElo "1936"]
[PlyCount "48"]
[EventDate "2009.05.07"]
[EventType "swiss"]
[EventRounds "9"]
[EventCountry "RUS"]
[SourceTitle "EXT 2022"]
[Source "ChessBase"]
[SourceDate "2021.10.06"]
[SourceVersion "1"]
[SourceVersionDate "2021.10.06"]
[SourceQuality "1"]

1. d4 Nf6 2. c4 g6 3. f3 Bg7 4. e4 d6 5. Be3 0-0 6. Ne2 c5 7. Nbc3 Nfd7 8. Qd2 Nc6 9. 0-0-0 a6 10. Kb1 b5 11. cxb5 axb5 12. Nxb5 Qb6 13. Nec3 Qa5 14. d5 Nce5 15. Bh6 Ba6 16. Bxg7 Kxg7 17. f4 Ng4 18. Be2 Nf2 19. Qe3 Nxd1 20. Rxd1 Rfb8 21. a4 Nb6 22. b3 Kg8 23. Kc2 Rc8 24. Bg4 Rcb8 1/2-1/2

[Event "Elets op"]
[Site "Elets"]
[Date "2009.05.09"]
[Round "3"]
[White "Ryahovskii, Sergey"]
[Black "Borovik, Pavel"]
[Result "1-0"]
[WhiteElo "1936"]
[BlackElo "1946"]
[PlyCount "95"]
[EventDate "2009.05.07"]
[EventType "swiss"]
[EventRounds "9"]
[EventCountry "RUS"]
[SourceTitle "EXT 2022"]
[Source "ChessBase"]
[SourceDate "2021.10.06"]
[SourceVersion "1"]
[SourceVersionDate "2021.10.06"]
[SourceQuality "1"]

1. e4 e5 2. Nf3 Nc6 3. Bc4 Nf6 4. d4 exd4 5. 0-0 Be7 6. e5 Ne4 7. Bd5 Nc5 8. Nxd4 Nxe5 9. Re1 d6 10. f4 Ng4 11. Qe2 Nf6 12. Nc3 c6 13. Nxc6 bxc6 14. Bxc6+ Kf8 15. Bxa8 Ba6 16. Qf3 g6 17. Bd5 Nxd5 18. Nxd5 Bh4 19. g3 Bf6 20. Nxf6 Qxf6 21. Bd2 Qd4+ 22. Qe3 Ne6 23. Bc3 Qd5 24. Rad1 Qc6 25. Qe4 Qc5+ 26. Bd4 Nxd4 27. Qxd4 Bc4 28. Qxc5 dxc5 29. Rd8+ Kg7 30. Rxh8 Kxh8 31. b3 Be6 32. Re5 c4 33. Ra5 Kg7 34. Kf2 Kf6 35. Ke3 h5 36. b4 a6 37. c3 Bd7 38. Kd4 Bb5 39. a4 Kf5 40. axb5 axb5 41. Rxb5+ Kg4 42. Re5 Kh3 43. Re2 h4 44. gxh4 Kg4 45. Kc5 Kf3 46. Ra2 Ke3 47. Rg2 Kf3 48. Rg3+ 1-0

[Event "Lipetsk Region-ch op"]
[Site "Lipetsk"]
[Date "2008.10.26"]
[Round "9"]
[White "Torshin, Anton1111"]
[Black "Ryahovskii, Sergey"]
[Result "1/2-1/2"]
[WhiteElo "1732"]
[BlackElo "1950"]
[PlyCount "141"]
[EventDate "2008.10.18"]
[EventType "swiss"]
[EventRounds "9"]
[EventCountry "RUS"]
[SourceTitle "EXT 2022"]
[Source "ChessBase"]
[SourceDate "2021.10.06"]
[SourceVersion "1"]
[SourceVersionDate "2021.10.06"]
[SourceQuality "1"]

1. e4 e6 2. d4 d5 3. Nc3 Bb4 4. Bd2 Nf6 5. e5 Nfd7 6. Qg4 Kf8 7. f4 c5 8. Nf3 Nc6 9. dxc5 Nxc5 10. Bd3 Nxd3+ 11. cxd3 f5 12. Qg3 b6 13. d4 Ba6 14. a3 Be7 15. Be3 Na5 16. Qf2 Nb3 17. Rd1 Rc8 18. Nd2 Na5 19. Qf3 Kf7 20. g3 Qd7 21. g4 Bd3 22. Bf2 Bc2 23. Rc1 fxg4 24. Qxg4 Bf5 25. Qg3 g6 26. 0-0 g5 27. fxg5 Bxg5 28. Be3 Bxe3+ 29. Qxe3 Rcg8+ 30. Kh1 Ke8 31. Rxf5 exf5 32. Qf3 Qc6 33. Rf1 Rf8 34. Nxd5 Rf7 35. b4 Nb7 36. Nf6+ Rxf6 37. exf6 Qxf3+ 38. Rxf3 Nd6 39. Nf1 Rf8 40. Ng3 Rxf6 41. Kg2 Ke7 42. d5 Rg6 43. Kf1 Kf6 44. Ke2 Ke5 45. Kd3 Rg5 46. h4 Rg4 47. h5 Rd4+ 48. Kc3 Rxd5 49. a4 Rd4 50. Nxf5 Ne4+ 51. Kc2 Rxb4 52. Ng3 Nxg3 53. Rxg3 Kf6 54. h6 Rxa4 55. Rg7 b5 56. Rxh7 Kg6 57. Rh8 a5 58. h7 b4 59. Rb8 Kxh7 60. Rb5 Ra3 61. Kb2 Kg6 62. Kc2 Kf6 63. Kb2 Ke6 64. Kc2 Kd6 65. Kb2 Kc6 66. Rh5 Rc3 67. Rxa5 Rc5 68. Rxc5+ Kxc5 69. Kb3 Kb5 70. Kb2 Kc4 71. Kc2 1/2-1/2

[Event "Lipetsk King's Gambit 2nd"]
[Site "Lipetsk"]
[Date "2008.07.15"]
[Round "7"]
[White "Pylaeva, Ekaterina"]
[Black "Ryahovskii, Sergey"]
[Result "0-1"]
[WhiteElo "1651"]
[BlackElo "1963"]
[PlyCount "88"]
[EventDate "2008.07.08"]
[EventType "swiss"]
[EventRounds "9"]
[EventCountry "RUS"]
[SourceTitle "EXT 2022"]
[Source "ChessBase"]
[SourceDate "2021.10.06"]
[SourceVersion "1"]
[SourceVersionDate "2021.10.06"]
[SourceQuality "1"]

1. e4 e5 2. Nf3 Nc6 3. Bb5 a6 4. Ba4 Nf6 5. 0-0 Be7 6. Re1 b5 7. Bb3 0-0 8. c3 d5 9. exd5 Nxd5 10. Nxe5 Nxe5 11. Rxe5 c6 12. d4 Bd6 13. Re1 Qh4 14. g3 Qh3 15. Bxd5 cxd5 16. Qf3 Bg4 17. Qxd5 Rae8 18. Be3 Re6 19. Nd2 Rfe8 20. Qg2 Qh5 21. c4 bxc4 22. Nxc4 Bb4 23. Rec1 Bf3 24. Qf1 Bd5 25. Ne5 Rxe5 26. Qd1 Qxd1+ 27. Rxd1 R5e6 28. a3 Bf8 29. Rac1 Rc6 30. Rxc6 Bxc6 31. d5 Rd8 32. Bb6 Rxd5 33. Rxd5 Bxd5 34. b4 g6 35. Bd4 Bg7 36. Bxg7 Kxg7 37. Kf1 Kf6 38. Ke2 Ke5 39. Ke3 h5 40. h4 Kf5 41. Kd4 Bc6 42. Ke3 Kg4 43. Ke2 f6 44. Kd3 Kf3 0-1

[Event "Lipetsk-ch"]
[Site "Lipetsk"]
[Date "2008.03.20"]
[Round "1"]
[White "Ryahovskii, Sergey"]
[Black "Skomorohov, Grigorij"]
[Result "0-1"]
[WhiteElo "1963"]
[BlackElo "2193"]
[PlyCount "42"]
[EventDate "2008.03.20"]
[EventType "swiss"]
[EventRounds "9"]
[EventCountry "RUS"]
[SourceTitle "EXT 2022"]
[Source "ChessBase"]
[SourceDate "2021.10.06"]
[SourceVersion "1"]
[SourceVersionDate "2021.10.06"]
[SourceQuality "1"]

1. e4 c5 2. Nf3 Nc6 3. d4 cxd4 4. Nxd4 Nf6 5. Nc3 e5 6. Ndb5 d6 7. Bg5 a6 8. Na3 Be6 9. Nc4 Rc8 10. Ne3 Be7 11. Bxf6 Bxf6 12. Ncd5 Bg5 13. g3 Ne7 14. h4 Bxe3 15. Nxe3 d5 16. c3 0-0 17. exd5 Nxd5 18. Nxd5 Bxd5 19. Bh3 Bxh1 20. Bxc8 Qxc8 21. f3 e4 0-1

[Event "Lipetsk Region-ch"]
[Site "Lipetsk"]
[Date "2007.11.23"]
[Round "7"]
[White "Volobuev, Sergey"]
[Black "Ryahovskii, Sergey"]
[Result "1-0"]
[WhiteElo "1805"]
[BlackElo "1969"]
[PlyCount "149"]
[EventDate "2007.11.18"]
[EventType "swiss"]
[EventRounds "9"]
[EventCountry "RUS"]
[SourceTitle "CBM 121 Extra"]
[Source "ChessBase"]
[SourceDate "2008.01.10"]
[SourceVersion "1"]
[SourceVersionDate "2008.01.10"]
[SourceQuality "1"]

1. b3 Nf6 2. Bb2 g6 3. Nf3 Bg7 4. e3 c5 5. Be2 Nc6 6. c4 d6 7. 0-0 0-0 8. d4 Qc7 9. Nc3 a6 10. Rc1 Bd7 11. Qd2 Rad8 12. Nd5 Nxd5 13. cxd5 Nb4 14. dxc5 Bxb2 15. Qxb2 dxc5 16. e4 Bb5 17. a3 Nd3 18. Bxd3 Bxd3 19. Rfe1 Bb5 20. Ne5 Bd7 21. Re3 f6 22. Nxd7 Rxd7 23. Qc2 Rc8 24. Rc3 Kf7 25. b4 c4 26. Rxc4 Qxc4 27. Qxc4 Rxc4 28. Rxc4 f5 29. f3 Kf6 30. Kf2 Ke5 31. Ke3 f4+ 32. Ke2 e6 33. dxe6 Kxe6 34. Rc5 h6 35. g3 fxg3 36. hxg3 Rd6 37. Ke3 b6 38. Rc8 g5 39. Ra8 b5 40. Ra7 Rc6 41. Kd4 Rc4+ 42. Kd3 Rc6 43. Ra8 Rd6+ 44. Ke3 Rc6 45. Rd8 Rc3+ 46. Rd3 Rc4 47. f4 gxf4+ 48. gxf4 h5 49. f5+ Kf6 50. Kf4 h4 51. Rh3 Kf7 52. Ke5 a5 53. bxa5 Ra4 54. Rxh4 Rxa5 55. Kd6 Ra6+ 56. Kc5 Rxa3 57. Kxb5 Kf6 58. Rh6+ Kg5 59. Re6 Rc3 60. Rd6 Re3 61. Rd4 Kf6 62. Kc5 Rc3+ 63. Kd5 Ra3 64. Rc4 Rd3+ 65. Rd4 Ra3 66. Kc6 Rc3+ 67. Kd7 Ke5 68. Rb4 Rd3+ 69. Ke7 Ra3 70. Rb7 Ra6 71. Rb5+ Kxe4 72. f6 Ra7+ 73. Kf8 Rc7 74. f7 Ra7 75. Kg8 1-0

[Event "Lipetsk Region-ch sf"]
[Site "Lipetsk"]
[Date "2007.10.11"]
[Round "7"]
[White "Ryahovskii, Sergey"]
[Black "Krutikov, Ilya"]
[Result "0-1"]
[WhiteElo "1939"]
[BlackElo "1767"]
[PlyCount "76"]
[EventDate "2007.09.25"]
[EventType "swiss"]
[EventRounds "9"]
[EventCountry "RUS"]
[SourceTitle "EXT 2022"]
[Source "ChessBase"]
[SourceDate "2021.10.06"]
[SourceVersion "1"]
[SourceVersionDate "2021.10.06"]
[SourceQuality "1"]

1. e4 e6 2. d4 d5 3. Nd2 c5 4. exd5 exd5 5. Ngf3 Nc6 6. Bb5 Bd6 7. dxc5 Bxc5 8. Nb3 Bd6 9. 0-0 Nge7 10. c3 Bg4 11. Be2 0-0 12. Be3 Nf5 13. Bc5 Re8 14. Bxd6 Qxd6 15. h3 Bxf3 16. Bxf3 Re5 17. g3 Rae8 18. Qd2 Qg6 19. Rae1 Nxg3 20. fxg3 Qxg3+ 21. Qg2 Qxg2+ 22. Kxg2 Rxe1 23. Bxd5 R8e2+ 24. Rf2 Rxf2+ 25. Kxf2 Rb1 26. Nc5 Rxb2+ 27. Ke3 Rb5 28. Bxc6 bxc6 29. Kd4 Rb2 30. a4 Rd2+ 31. Kc4 f5 32. Ne6 Kf7 33. Nd4 Rxd4+ 34. Kxd4 Ke6 35. h4 Kd6 36. c4 c5+ 37. Kd3 Ke5 38. Ke3 g6 0-1